| 000 | 00549nam a2200169 i 4500 | ||
|---|---|---|---|
| 001 | 82455 | ||
| 003 | ES-MaACL | ||
| 005 | 20230906174657.0 | ||
| 007 | t| | ||
| 008 | 041110s1963 sp ||||1| spa d | ||
| 100 | 1 |
_aIbbett, W. C. _964985 |
|
| 245 | 1 | 0 |
_aProducción comercial de bulbos / _cW.C. Ibbett ; traducida al español por Elías Fernández González. |
| 260 |
_aZaragoza : _bAcribia, _c1963. |
||
| 300 |
_aVIII, 164 p., 8 lám. : _bil. ; _c20 cm. |
||
| 700 | 1 |
_aFernández González, Elías. _949825 |
|
| 852 |
_aES-MaACL _jC-24551 _bR.53037 |
||
| 999 |
_c82455 _d82455 |
||